01352nam a22003617a 4500003000500000005001700005008004100022010001000063011001000073035001000083040000900093082001400102100003000116245009500146260009400241300001900335500001200354590004100366590004100407590004100448590004100489590004100530590004200571650004100613650003400654700003700688700003300725901000700758942001000765949006400775999001700839952013400856CHAP20220329141224.0971010s1981 r 00010 d a64634 a65606 a72687 cCHAP a584.9bS300aSantos Sierra, J.9102533 aGramíneas del Rancho los Angeles; identificación por sus características vegetativas aBuenavista, Saltillo, Coah. :bUniversidad Autónoma de Agricultura Antonio Narro,c1981 a69 p.b: ilus. aD98-219 aBATCH-UPDb10c20130110lUCH01h0059 aBATCH-UPDb10c20130110lUCH01h1807 aBATCH-UPDb10c20130409lUCH01h2048 aBATCH-UPDb10c20130410lUCH01h1142 aBATCH-UPDb10c20130914lUCH01h1551 aCONVERSIONb10c20130109lUCH01h133514aGramíneasxClasificación.95026414aGramíneasxCoahuila.9502660 aValdés Reyna, Jesús.91173660 aVázquez Aldape, R.9120294 aBK cLIBRO a584.9 S3bBCcLIBROd33724000355236eLIBROh54852i72687si c64634d64634 00102ddc4052708GRALaBCbBCcPA_GRALd2019-12-31fLIBROl0o584.9 S3p33724000355236r2019-12-31 00:00:00w2019-12-31yLIBRO